| 000 | 00508nam a22001697a 4500 | ||
|---|---|---|---|
| 008 | 230501b |||||||| |||| 00| 0 eng d | ||
| 040 |
_aNational Science Library _cNational Science Library |
||
| 080 |
_a54(091) _bJ6 |
||
| 100 |
_aRay, Acharya Prafulla Chandra _97945 |
||
| 245 | _aHistory of chemistry in ancient and medieval India | ||
| 260 |
_aCalcutta: _bIndian Chemical Society, _c1956 |
||
| 300 | _a496p. | ||
| 650 | _aChemistry | ||
| 653 | _aIndia | ||
| 700 | _aRay, P (Ed.) | ||
| 942 |
_2udc _cBK |
||
| 999 |
_c25466 _d25466 |
||